Về tên gọi của các dân tộc thuộc nhóm ngôn ngữ Malayo- Polynesian ở Việt Nam /

Αποθηκεύτηκε σε:
Λεπτομέρειες βιβλιογραφικής εγγραφής
Κύριος συγγραφέας: Phan Văn Phức.
Μορφή: Άρθρο
Γλώσσα:Vietnamese
Ετικέτες: Προσθήκη ετικέτας
Δεν υπάρχουν, Καταχωρήστε ετικέτα πρώτοι!
Thư viện lưu trữ: Thư viện Trường Đại học Đà Lạt
LEADER 00730nam a2200229 4500
001 DLU120141667
005 ##20121001
040 # # |a DLU  |b vie 
041 # # |a vie 
044 # # |a vn 
100 # # |a Phan Văn Phức. 
245 # # |a Về tên gọi của các dân tộc thuộc nhóm ngôn ngữ Malayo- Polynesian ở Việt Nam /  |c Phan Văn Phức. 
773 # # |t Những vấn đề ngôn ngữ học: Hội nghị khoa học 2002  |g 2004, tr. 533-543 
920 # # |a Phòng Tạp chí -- Trung tâm Thông tin - Thư viện Trường Đại học Đà Lạt 
994 # # |a DLU 
900 # # |a True 
911 # # |a Nguyễn Thị Tưởng 
925 # # |a G 
926 # # |a A 
927 # # |a BB 
980 # # |a Thư viện Trường Đại học Đà Lạt